[Event "Dortmund Sparkassen"]
[Site "Dortmund GER"]
[Date "2016.07.17"]
[EventDate "2016.07.09"]
[Round "7"]
[Result "1/2-1/2"]
[White "Leinier Dominguez Perez"]
[Black "Maxime Vachier-Lagrave"]
[WhiteElo "2713"]
[BlackElo "2798"]
[PlyCount "90"]

1. d4 Nf6 2. c4 g6 3. Nc3 d5 4. Bf4 Bg7 5. e3 O-O 6. Rc1 Be6
7. c5 c6 8. h3 b6 9. b4 a5 10. Na4 b5 11. Nb6 Ra7 12. a4 Nfd7
13. bxa5 Rxa5 14. Qd2 Nxb6 15. Qxa5 Nxa4 16. Qxd8 Rxd8 17. Nf3
Na6 18. Be2 Nb4 19. Kd2 Na2 20. Rc2 Nb4 21. Rcc1 Na2 22. Ra1
N2c3 23. Rhc1 Nxe2 24. Kxe2 f6 25. Kd2 Bf5 26. Ra2 Be4
27. Rca1 e5 28. Bg3 Ra8 29. Ra3 Kf7 30. Ne1 exd4 31. exd4 Bh6+
32. Ke2 Re8 33. Kf1 Bd2 34. Nd3 Bxd3+ 35. Rxd3 Bc3 36. Rc1 b4
37. f3 Nb2 38. Rdxc3 bxc3 39. Rxc3 Nc4 40. Kg1 Re2 41. Rb3 Ne3
42. Bf2 Nd1 43. Bg3 Ne3 44. Bf2 Nd1 45. Bg3 Ne3 1/2-1/2

[Event "Biel (Blitz)"]
[Site "Biel SUI"]
[Date "2016.07.30"]
[EventDate "2016.07.30"]
[Round "1"]
[Result "0-1"]
[White "Noel Studer"]
[Black "Maxime Vachier-Lagrave"]
[WhiteElo "2462"]
[BlackElo "2798"]
[PlyCount "88"]

1. Nf3 c5 2. e4 d6 3. Bb5+ Nd7 4. O-O a6 5. Bd3 Ngf6 6. Re1 b5
7. c4 Rb8 8. a3 Ne5 9. Nxe5 dxe5 10. Bf1 e6 11. cxb5 axb5
12. b4 cxb4 13. axb4 Bxb4 14. Qb3 Bc5 15. Bxb5+ Bd7 16. Bxd7+
Nxd7 17. Qg3 O-O 18. Ba3 Ra8 19. Bxc5 Rxa1 20. Bxf8 Kxf8
21. Qc3 Qa5 22. Qxa5 Rxa5 23. Nc3 Nc5 24. Rb1 Ra3 25. Rb8+ Ke7
26. f3 Nd3 27. h4 Ra7 28. Kh2 Rd7 29. Kg3 Nf4 30. Rb2 Kf6
31. Ra2 Nd3 32. Ra6 Nc5 33. Ra2 Nb3 34. Nb1 h6 35. Kf2 g5
36. hxg5+ hxg5 37. Rb2 Nc5 38. Ke2 g4 39. Rb5 Nd3 40. fxg4 Kg5
41. Na3 Kxg4 42. Nc4 f6 43. Rb6 Kg3 44. Rxe6 Nf4+ 0-1

[Event "Biel (Blitz)"]
[Site "Biel SUI"]
[Date "2016.07.30"]
[EventDate "2016.07.30"]
[Round "2"]
[Result "1/2-1/2"]
[White "Peter Svidler"]
[Black "Maxime Vachier-Lagrave"]
[WhiteElo "2759"]
[BlackElo "2798"]
[PlyCount "61"]

1. Nf3 c5 2. g3 g6 3. Bg2 Bg7 4. c4 Nc6 5. Nc3 d6 6. O-O e5
7. Ne1 Be6 8. d3 Qd7 9. Nc2 Bh3 10. Nd5 Bxg2 11. Kxg2 Nge7
12. e4 O-O 13. Rb1 f5 14. b4 b6 15. b5 Nd4 16. Nxe7+ Qxe7
17. Nxd4 exd4 18. exf5 Rxf5 19. Rb2 Qb7+ 20. f3 d5 21. cxd5
Qxd5 22. Qb3 Qxb3 23. axb3 Re8 24. Ra2 Rf7 25. f4 Rfe7 26. Kf3
Kf7 27. Rff2 Ra8 28. Rfe2 Rxe2 29. Kxe2 Ke6 30. Kf3 Kd5 31. g4
1/2-1/2

[Event "Biel (Blitz)"]
[Site "Biel SUI"]
[Date "2016.07.30"]
[EventDate "2016.07.30"]
[Round "3"]
[Result "1/2-1/2"]
[White "Maxime Vachier-Lagrave"]
[Black "Benjamin Bok"]
[WhiteElo "2798"]
[BlackElo "2613"]
[PlyCount "138"]

1. Nf3 Nf6 2. c4 c5 3. Nc3 Nc6 4. g3 g6 5. d4 cxd4 6. Nxd4 Bg7
7. Bg2 O-O 8. O-O Qa5 9. Nb3 Qh5 10. e4 d6 11. Qxh5 Nxh5
12. c5 Be6 13. cxd6 exd6 14. Rd1 Rfd8 15. Bg5 Rd7 16. Rac1 h6
17. Be3 Nf6 18. h3 Rad8 19. Nd4 Nxd4 20. Bxd4 a6 21. Rd2 Ne8
22. Rcd1 Bxd4 23. Rxd4 Kg7 24. f4 f6 25. Kf2 Nc7 26. R1d2 Bf7
27. Bf1 Ne6 28. R4d3 Nc5 29. Re3 Rc8 30. b4 Ne6 31. h4 Nd8
32. Na4 Rc1 33. Nb6 Rdc7 34. Rxd6 R7c2+ 35. Re2 Nc6 36. Rd7
Nxb4 37. a3 Nc6 38. Rxc2 Rxc2+ 39. Ke3 Kf8 40. Rxb7 Rc3+
41. Bd3 Rxa3 42. Nd7+ Kg7 43. Nc5 a5 44. Kd2 Kf8 45. Nd7+ Kg7
46. e5 fxe5 47. fxe5 Ra2+ 48. Ke1 Ra1+ 49. Kf2 Ra2+ 50. Ke3
Ra3 51. Kd2 Ra2+ 52. Kc1 Ra1+ 53. Kb2 Ra4 54. e6 Rb4+ 55. Rxb4
Nxb4 56. exf7 Nxd3+ 57. Kc3 Kxf7 58. Kxd3 a4 59. Nc5 a3
60. Ke4 a2 61. Nb3 Ke6 62. g4 Kf6 63. Na1 Ke6 64. Nc2 Kf6
65. Kf4 Ke6 66. g5 hxg5+ 67. Kxg5 Kf7 68. Na1 Kg7 69. Nb3 Kf7
1/2-1/2

[Event "Biel (Blitz)"]
[Site "Biel SUI"]
[Date "2016.07.30"]
[EventDate "2016.07.30"]
[Round "4"]
[Result "1/2-1/2"]
[White "Nico Georgiadis"]
[Black "Maxime Vachier-Lagrave"]
[WhiteElo "2470"]
[BlackElo "2798"]
[PlyCount "166"]

1. d4 Nf6 2. Bf4 b6 3. c4 Bb7 4. Nc3 g6 5. Nf3 Bg7 6. e3 O-O
7. h3 d6 8. Bd3 Nbd7 9. O-O Re8 10. d5 e5 11. Bg5 h6 12. Bxf6
Nxf6 13. Nd2 Nd7 14. e4 Rf8 15. b4 a5 16. a3 f5 17. Qc2 Qg5
18. Nb5 Rac8 19. Nb3 a4 20. Nd2 Rf7 21. Rad1 Ba6 22. Nc3 Rcf8
23. Qxa4 Bc8 24. Nf3 Qd8 25. Qc2 h5 26. Rfe1 Bh6 27. a4 f4
28. Nh2 g5 29. f3 Nf6 30. c5 bxc5 31. bxc5 g4 32. cxd6 cxd6
33. Kh1 Rg7 34. Rg1 Bg5 35. Nb5 Bh4 36. Rc1 Qb6 37. Qxc8 Rxc8
38. Rxc8+ Kh7 39. hxg4 hxg4 40. Rgc1 gxf3 41. Nxf3 Qf2
42. R1c2 Qg3 43. R8c7 Ng4 44. Rxg7+ Kxg7 45. Nxd6 Nf2+ 46. Kg1
Qg4 47. Nf5+ Kh8 48. Rxf2 Bxf2+ 49. Kxf2 Qg6 50. a5 Qf6 51. a6
Qb6+ 52. Kf1 Qb3 53. Be2 Qb1+ 54. Kf2 Qb6+ 55. Kf1 Qb1+
56. Ne1 Qa1 57. Nd6 Kg7 58. Nf5+ Kf6 59. d6 Ke6 60. Bc4+ Kd7
61. Bb5+ Kd8 62. Be2 Qa4 63. Bd3 Qa3 64. Kf2 Qa5 65. Nf3 Qa2+
66. Kg1 Qa3 67. Bf1 Qc5+ 68. Kh2 Kd7 69. a7 Qxa7 70. Nxe5+ Ke6
71. Nf3 Qh7+ 72. Kg1 Qa7+ 73. Kh2 Qh7+ 74. N3h4 Ke5 75. Bb5
Kxe4 76. d7 Qh8 77. Kh3 Ke5 78. Kg4 Qg8+ 79. Kf3 Qd5+ 80. Kg4
Qg8+ 81. Kf3 Qd5+ 82. Kg4 Qg8+ 83. Kf3 Qd5+ 1/2-1/2

[Event "Biel (Blitz)"]
[Site "Biel SUI"]
[Date "2016.07.30"]
[EventDate "2016.07.30"]
[Round "5"]
[Result "1-0"]
[White "Maxime Vachier-Lagrave"]
[Black "Francesco Rambaldi"]
[WhiteElo "2798"]
[BlackElo "2544"]
[PlyCount "59"]

1. c4 c5 2. g3 g6 3. Bg2 Bg7 4. e3 Nc6 5. Ne2 e5 6. Nbc3 Nge7
7. O-O O-O 8. a3 a5 9. Rb1 d6 10. d3 Rb8 11. Bd2 Be6 12. Qa4
Bf5 13. Qc2 Qd7 14. Nd5 Nxd5 15. cxd5 Ne7 16. e4 Bh3 17. Bxa5
Bxg2 18. Kxg2 f5 19. Bd2 f4 20. f3 g5 21. b4 cxb4 22. Rxb4 Ng6
23. Rc4 g4 24. Ng1 gxf3+ 25. Nxf3 Qg4 26. Qd1 fxg3 27. h3 Qh5
28. Rc7 Nh4+ 29. Nxh4 Rf2+ 30. Kxg3 1-0

[Event "Biel (Blitz Tiebreak)"]
[Site "Biel SUI"]
[Date "2016.07.30"]
[EventDate "2016.07.30"]
[Round "1"]
[Result "1-0"]
[White "Maxime Vachier-Lagrave"]
[Black "Peter Svidler"]
[WhiteElo "2798"]
[BlackElo "2759"]
[PlyCount "76"]

1. g3 d5 2. Nf3 g6 3. c4 dxc4 4. Na3 Bg7 5. Nxc4 Nc6 6. d3 e5
7. Be3 Nge7 8. Bg2 O-O 9. h4 Nf5 10. Bc5 Re8 11. h5 Be6
12. Rc1 g5 13. e3 h6 14. Qe2 Qd7 15. O-O Rad8 16. Rfd1 b6
17. Ba3 b5 18. Ncd2 b4 19. Nxg5 Ncd4 20. exd4 Nxd4 21. Qe3
bxa3 22. Nxe6 axb2 23. Nxd8 bxc1=Q 24. Rxc1 Rxd8 25. Nf3 Nf5
26. Qxa7 Qxd3 27. Qxc7 e4 28. Ne5 Bxe5 29. Qxe5 e3 30. fxe3
Nxe3 31. Bf3 Nf5 32. Rf1 Nd4 33. Be4 Qc4 34. Qf6 Re8 35. Bg2
Re2 36. Qxh6 Qc5 37. Kh1 Rxa2 38. Be4 Nf5 1-0

[Event "Biel (Blitz Tiebreak)"]
[Site "Biel SUI"]
[Date "2016.07.30"]
[EventDate "2016.07.30"]
[Round "2"]
[Result "0-1"]
[White "Peter Svidler"]
[Black "Maxime Vachier-Lagrave"]
[WhiteElo "2759"]
[BlackElo "2798"]
[PlyCount "62"]

1. Nf3 c5 2. c4 Nc6 3. b3 e5 4. Bb2 e4 5. Ng1 Nf6 6. Nc3 Be7
7. g3 O-O 8. Bg2 Re8 9. Nh3 d5 10. cxd5 Nxd5 11. Nxe4 Bf5
12. Nc3 Bf6 13. O-O Nxc3 14. Bxc3 Bxc3 15. dxc3 Qf6 16. Nf4
Qxc3 17. Rc1 Qe5 18. e4 Rad8 19. Nd3 Qf6 20. exf5 Nb4 21. Rxc5
b6 22. Rc7 Nxd3 23. Qf3 a5 24. h4 h6 25. Qc6 Qxf5 26. Qxb6 Ne5
27. Rc3 Rd2 28. a4 Nd3 29. Qb5 Re5 30. Qb8+ Kh7 31. Qa7 Ree2
0-1

[Event "Sinquefield Cup"]
[Site "Saint Louis, MO USA"]
[Date "2016.08.09"]
[EventDate "2016.08.04"]
[Round "5"]
[Result "1/2-1/2"]
[White "Fabiano Caruana"]
[Black "Maxime Vachier-Lagrave"]
[WhiteElo "2807"]
[BlackElo "2819"]
[PlyCount "93"]

1. e4 c5 2. Nf3 d6 3. d4 cxd4 4. Nxd4 Nf6 5. f3 Nc6 6. Nc3 e5
7. Nb3 Be7 8. Be3 Be6 9. Nd5 Bxd5 10. exd5 Nb4 11. c4 a5
12. Be2 Na6 13. Nd2 O-O 14. Nb1 Nd7 15. Qd2 f5 16. Nc3 Bh4+
17. g3 f4 18. Bf2 Bg5 19. Qc2 Nac5 20. Kf1 Qe8 21. Re1 e4
22. Bxc5 Nxc5 23. Nxe4 Nxe4 24. Bd3 fxg3 25. Bxe4 Qh5 26. Kg2
gxh2 27. Rxh2 Bh4 28. Bxh7+ Kh8 29. Be4 Rf4 30. Kh1 Qe5
31. Rg1 g5 32. Qc3 Qxc3 33. bxc3 Kg7 34. Rb1 Rf7 35. Rb6 Ra6
36. Rhb2 Rxb6 37. Rxb6 Bf2 38. Rxd6 Rf6 39. Rd8 Rf8 40. Rd6
Rf6 41. Rd8 Rf8 42. Rxf8 Kxf8 43. d6 Bc5 44. d7 Ke7 45. Bf5
Be3 46. Kg2 Bd2 47. Kf2 1/2-1/2

[Event "Chess Olympiad"]
[Site "Baku AZE"]
[Date "2016.09.10"]
[EventDate "2016.09.02"]
[Round "8.20"]
[Result "1-0"]
[White "Maxime Vachier-Lagrave"]
[Black "Liviu Dieter Nisipeanu"]
[WhiteElo "2813"]
[BlackElo "2687"]
[PlyCount "97"]

1. e4 e5 2. Nf3 Nf6 3. Nxe5 d6 4. Nf3 Nxe4 5. Nc3 Nxc3 6. dxc3
Be7 7. Be3 O-O 8. Qd2 Nd7 9. O-O-O c6 10. c4 Nc5 11. Bxc5 dxc5
12. Qf4 Qa5 13. a3 Be6 14. Ng5 Bxg5 15. Qxg5 h6 16. Qh5 Rae8
17. Bd3 f5 18. Qf3 Bc8 19. Qg3 Re7 20. f3 Rfe8 21. Qd6 Re6
22. Qf4 Re5 23. g4 Qd8 24. Rhg1 Qg5 25. Qxg5 hxg5 26. gxf5
Bxf5 27. Rxg5 Bxd3 28. Rxe5 Rxe5 29. Rxd3 Re1+ 30. Rd1 Re7
31. Rd8+ Kh7 32. Kd2 Kh6 33. a4 Kg5 34. a5 a6 35. b3 g6
36. Rh8 Kf4 37. Rf8+ Kg5 38. f4+ Kg4 39. Rf6 Rh7 40. Rxg6+
Kxf4 41. h4 Kf5 42. h5 Rd7+ 43. Kc3 Rh7 44. Rg2 Kf6 45. Rh2
Kg5 46. Kd3 Rd7+ 47. Ke4 Re7+ 48. Kf3 Rf7+ 49. Ke4 1-0

[Event "Chess Olympiad"]
[Site "Baku AZE"]
[Date "2016.09.13"]
[EventDate "2016.09.02"]
[Round "11.9"]
[Result "1/2-1/2"]
[White "Maxime Vachier-Lagrave"]
[Black "David Navara"]
[WhiteElo "2813"]
[BlackElo "2742"]
[PlyCount "71"]

1. e4 c6 2. d4 d5 3. e5 Bf5 4. Nf3 e6 5. Be2 c5 6. Be3 cxd4
7. Nxd4 Ne7 8. O-O Nbc6 9. Bb5 a6 10. Bxc6+ bxc6 11. c4 Qd7
12. cxd5 Nxd5 13. Nxf5 exf5 14. Bd4 Nc7 15. Nc3 Rb8 16. Rc1
Ne6 17. Ne2 Be7 18. b3 O-O 19. Be3 Qxd1 20. Rfxd1 Rfd8
21. Rxd8+ Rxd8 22. g3 c5 23. Nf4 Nd4 24. Kg2 g5 25. Nh5 h6
26. Rc4 Ne6 27. h4 Kh7 28. Nf6+ Bxf6 29. exf6 Kg6 30. hxg5
hxg5 31. Bxc5 Rd2 32. a4 Nxc5 33. Rxc5 Rb2 34. Ra5 Rxb3
35. Rxa6 Ra3 36. a5 1/2-1/2

[Event "Corsica Masters"]
[Site "Ajaccio FRA"]
[Date "2016.10.30"]
[EventDate "2016.10.27"]
[Round "4.1"]
[Result "1/2-1/2"]
[White "Maxime Vachier-Lagrave"]
[Black "Viswanathan Anand"]
[WhiteElo "2811"]
[BlackElo "2776"]
[PlyCount "97"]

1. Nf3 d5 2. g3 c5 3. Bg2 Nc6 4. d4 Nf6 5. O-O cxd4 6. Nxd4 e5
7. Nxc6 bxc6 8. c4 Be6 9. Qa4 Qd7 10. Rd1 Rc8 11. Nc3 d4
12. e3 Be7 13. exd4 exd4 14. c5 Bxc5 15. Be3 dxe3 16. Rxd7
exf2+ 17. Kh1 Kxd7 18. Rd1+ Ke7 19. Qa5 Bb6 20. Qa3+ c5
21. Rf1 Rhd8 22. Rxf2 Kf8 23. Na4 Kg8 24. Nxb6 axb6 25. h3 h6
26. Qa6 Rd6 27. a3 Rcd8 28. Qe2 c4 29. Kh2 Rd3 30. Qe1 b5
31. Qe5 Bd5 32. Bxd5 R8xd5 33. Qf4 c3 34. bxc3 Rxc3 35. a4
bxa4 36. Qxa4 Rdd3 37. Rg2 g6 38. Qf4 Rf3 39. Qxh6 Nh5 40. Rd2
Rc8 41. Rg2 Rxg3 42. Rxg3 Nxg3 43. Kxg3 Rc5 44. Qe3 Rf5 45. h4
Rh5 46. Qf4 Rf5 47. Qe3 Rh5 48. Qf4 Rf5 49. Qe3 1/2-1/2

[Event "European Club Cup"]
[Site "Novi Sad SRB"]
[Date "2016.11.07"]
[EventDate "2016.11.06"]
[Round "2.7"]
[Result "1-0"]
[White "Maxime Vachier-Lagrave"]
[Black "Markus Ragger"]
[WhiteElo "2811"]
[BlackElo "2694"]
[PlyCount "113"]

1. Nf3 Nf6 2. g3 g6 3. d4 Bg7 4. Bg2 c5 5. c4 cxd4 6. Nxd4 O-O
7. Nc3 Nc6 8. O-O Qa5 9. e3 d6 10. Bd2 Qc5 11. Nxc6 bxc6
12. b3 d5 13. cxd5 cxd5 14. Rc1 Qd6 15. e4 Bg4 16. Qe1 dxe4
17. Nxe4 Nxe4 18. Bb4 Qe6 19. Qxe4 Qxe4 20. Bxe4 Rac8 21. Kg2
Rfd8 22. Rxc8 Rxc8 23. h3 Be6 24. Bxe7 f5 25. Bd3 a5 26. Bg5
h6 27. Be3 Rc3 28. Rd1 a4 29. bxa4 Ra3 30. Bb5 Rxa2 31. h4 Kf7
32. Rd6 Ra1 33. Bd7 Bb3 34. Bc6 Bf8 35. Rd7+ Ke6 36. Ra7 g5
37. hxg5 hxg5 38. Bxg5 Bc5 39. Rh7 Bd4 40. Rh4 Kd6 41. Rh6+
Kc5 42. Be7+ Kc4 43. Rh4 Kc3 44. Bd8 Be5 45. a5 Bc4 46. Rh1
Ra2 47. Bb6 Kd2 48. Rh5 Bd3 49. Bb7 Kc3 50. Rh6 Ra1 51. Re6
Bf1+ 52. Kf3 Re1 53. a6 Be2+ 54. Kg2 Bf1+ 55. Kh2 Bxg3+
56. Kxg3 Rxe6 57. a7 1-0

[Event "European Club Cup"]
[Site "Novi Sad SRB"]
[Date "2016.11.09"]
[EventDate "2016.11.06"]
[Round "4.6"]
[Result "1-0"]
[White "Maxime Vachier-Lagrave"]
[Black "Dejan Antic"]
[WhiteElo "2811"]
[BlackElo "2455"]
[PlyCount "79"]

1. g3 d5 2. Nf3 c5 3. Bg2 Nf6 4. O-O e6 5. c4 d4 6. e3 Nc6
7. exd4 cxd4 8. d3 Bd6 9. Bg5 h6 10. Bxf6 Qxf6 11. Nbd2 Qd8
12. a3 a5 13. Rc1 O-O 14. c5 Be7 15. Re1 Bd7 16. Ne4 Qc7
17. Nfd2 b5 18. cxb6 Qxb6 19. Nc4 Qb8 20. Qh5 e5 21. Ned2 Bg5
22. h4 Bxd2 23. Nxd2 Ra6 24. Ne4 Rb6 25. Nc5 Be8 26. Qf5 Rxb2
27. Nd7 Ne7 28. Qg4 f5 29. Qxd4 exd4 30. Nxb8 Ng6 31. Nc6 Bxc6
32. Rxc6 Rf6 33. Rc8+ Rf8 34. Rc6 Rf6 35. h5 Nf8 36. Bd5+ Kh7
37. Rc7 Rbb6 38. Re8 Rbd6 39. Bc4 Rd7 40. Rcc8 1-0

[Event "European Club Cup"]
[Site "Novi Sad SRB"]
[Date "2016.11.10"]
[EventDate "2016.11.06"]
[Round "5.4"]
[Result "1/2-1/2"]
[White "Constantin Lupulescu"]
[Black "Maxime Vachier-Lagrave"]
[WhiteElo "2609"]
[BlackElo "2811"]
[PlyCount "62"]

1. d4 Nf6 2. c4 g6 3. Nc3 d5 4. cxd5 Nxd5 5. e4 Nxc3 6. bxc3
Bg7 7. Nf3 c5 8. Be3 Bg4 9. Rc1 O-O 10. d5 Qd6 11. Be2 Nd7
12. c4 f5 13. Ng5 Bxe2 14. Qxe2 f4 15. Bd2 e5 16. Ne6 Rf7
17. f3 Bf6 18. g3 Nf8 19. Nxf8 Raxf8 20. gxf4 exf4 21. Bc3 Re8
22. O-O g5 23. Kh1 Bxc3 24. Rxc3 g4 25. fxg4 Qe5 26. Rcc1
Qxe4+ 27. Qxe4 Rxe4 28. Rfe1 Rd4 29. Red1 Re4 30. Re1 Rd4
31. Red1 Re4 1/2-1/2

[Event "European Club Cup"]
[Site "Novi Sad SRB"]
[Date "2016.11.11"]
[EventDate "2016.11.06"]
[Round "6.3"]
[Result "1-0"]
[White "Maxime Vachier-Lagrave"]
[Black "Rauf Mamedov"]
[WhiteElo "2811"]
[BlackElo "2684"]
[PlyCount "101"]

1. c4 e5 2. Nc3 Nc6 3. g3 g6 4. Bg2 Bg7 5. d3 d6 6. e4 Nge7
7. Nge2 a6 8. h4 h6 9. Nd5 b5 10. O-O O-O 11. b3 Rb8 12. Bd2
Kh7 13. Rc1 Bg4 14. f3 Bd7 15. Be3 Nd4 16. Nxd4 exd4 17. Bf4
bxc4 18. bxc4 Rb2 19. Rf2 Rxf2 20. Kxf2 f5 21. Qd2 fxe4
22. dxe4 c6 23. Nb4 c5 24. Nd3 Be6 25. Qc2 a5 26. Qa4 Qb6
27. Rc2 Qa6 28. Bf1 Rd8 29. Rb2 Nc6 30. Rb5 Bf8 31. e5 dxe5
32. Nxc5 Qc8 33. Bd2 d3 34. Rb7+ Kg8 35. Nxe6 Qxe6 36. Rc7 Nd4
37. Qxa5 Qf6 38. Bg2 e4 39. f4 Ne6 40. Rc6 Qd4+ 41. Be3 d2
42. Bxd4 Rxd4 43. Qa4 d1=Q 44. Qxd1 Rxd1 45. Rxe6 Rd2+ 46. Kf1
Kf7 47. Rxe4 Rxa2 48. Re5 Bb4 49. c5 Rc2 50. Bd5+ Kg7 51. c6
1-0

[Event "European Club Cup"]
[Site "Novi Sad SRB"]
[Date "2016.11.12"]
[EventDate "2016.11.06"]
[Round "7.4"]
[Result "0-1"]
[White "Maxime Vachier-Lagrave"]
[Black "Vassily Ivanchuk"]
[WhiteElo "2811"]
[BlackElo "2733"]
[PlyCount "80"]

1. e4 c5 2. Nf3 Nc6 3. c3 Nf6 4. e5 Nd5 5. Bc4 Nb6 6. Bb3 d5
7. exd6 Qxd6 8. O-O Be6 9. d4 cxd4 10. Na3 dxc3 11. Qe2 Bxb3
12. Nb5 Qb8 13. axb3 e5 14. bxc3 Be7 15. Be3 Nd7 16. Rfd1 a6
17. Na3 Qc7 18. Nb5 Qb8 19. Na3 Bxa3 20. Rxa3 Qc7 21. Nh4 g6
22. Ra2 O-O-O 23. b4 Nb6 24. Rc1 Nd5 25. b5 axb5 26. Qxb5 Nxe3
27. fxe3 e4 28. Ra8+ Nb8 29. Ra4 Rhe8 30. Rc4 Nc6 31. Ra1 Re5
32. Qa4 Rdd5 33. Qa8+ Kd7 34. g3 Qc8 35. Qa3 b5 36. Rxc6 Qxc6
37. Qa7+ Qc7 38. Qa8 Qc8 39. Qa3 Qc5 40. Qa8 Ke7 0-1

[Event "Bundesliga 2016/17"]
[Site "Hockenheim GER"]
[Date "2016.12.03"]
[EventDate "2015.09.18"]
[Round "5.3"]
[Result "1/2-1/2"]
[White "Nikita Vitiugov"]
[Black "Maxime Vachier-Lagrave"]
[WhiteElo "2721"]
[BlackElo "2811"]
[PlyCount "55"]

1. Nf3 c5 2. e3 Nf6 3. d4 d5 4. Nbd2 cxd4 5. exd4 Nc6 6. c3
Qc7 7. Bd3 Bg4 8. Qa4 e6 9. Ne5 Bd6 10. Nxg4 Nxg4 11. h3 Nf6
12. Nf3 O-O 13. O-O Bf4 14. Qc2 Rfe8 15. Re1 Bxc1 16. Raxc1 e5
17. dxe5 Nxe5 18. Nxe5 Rxe5 19. Qa4 b6 20. Rxe5 Qxe5 21. Rd1
Qe7 22. Qd4 Qc5 23. Be2 Re8 24. Bf3 Qxd4 25. Rxd4 Re1+ 26. Kh2
g6 27. g4 h6 28. Kg2 1/2-1/2

[Event "Bundesliga 2016/17"]
[Site "Hockenheim GER"]
[Date "2016.12.04"]
[EventDate "2015.09.18"]
[Round "6.3"]
[Result "1-0"]
[White "Maxime Vachier-Lagrave"]
[Black "Jaroslaw Krassowizkij"]
[WhiteElo "2811"]
[BlackElo "2438"]
[PlyCount "69"]

1. Nf3 Nf6 2. g3 b5 3. Bg2 Bb7 4. O-O e6 5. d3 d5 6. c4 a6
7. cxd5 Nxd5 8. a4 Nb6 9. Nc3 b4 10. Ne4 Be7 11. Qc2 O-O
12. d4 Ra7 13. b3 N8d7 14. Nc5 Bxf3 15. Bxf3 Nxc5 16. dxc5 Nd5
17. Rd1 Bf6 18. Rb1 Qa8 19. Bxd5 exd5 20. c6 Rd8 21. e4 d4
22. Bf4 g5 23. e5 Be7 24. Bc1 Rd5 25. Bb2 Rc5 26. Qf5 Rxc6
27. Bxd4 Rb7 28. h4 gxh4 29. e6 Rxe6 30. Re1 c5 31. Rxe6 fxe6
32. Qg4+ Kf8 33. Qg7+ Ke8 34. Qg8+ Bf8 35. Bxc5 1-0

[Event "London Chess Classic"]
[Site "London ENG"]
[Date "2016.12.09"]
[EventDate "2016.12.07"]
[Round "1"]
[Result "1/2-1/2"]
[White "Maxime Vachier-Lagrave"]
[Black "Anish Giri"]
[WhiteElo "2804"]
[BlackElo "2771"]
[PlyCount "47"]

1. e4 c5 2. Nf3 d6 3. d4 cxd4 4. Nxd4 Nf6 5. Nc3 a6 6. h3 e5
7. Nde2 h5 8. g3 Be6 9. Bg2 b5 10. O-O Nbd7 11. Be3 Be7
12. Nd5 Nxd5 13. exd5 Bf5 14. f4 Rc8 15. c3 Bh7 16. a4 O-O
17. axb5 axb5 18. Ra6 exf4 19. Nxf4 h4 20. Bd4 Ne5 21. Nh5 Bg6
22. Nf4 Bh7 23. Nh5 Bg6 24. Nf4 1/2-1/2

[Event "London Chess Classic"]
[Site "London ENG"]
[Date "2016.12.11"]
[EventDate "2016.12.07"]
[Round "3"]
[Result "1/2-1/2"]
[White "Maxime Vachier-Lagrave"]
[Black "Veselin Topalov"]
[WhiteElo "2804"]
[BlackElo "2760"]
[PlyCount "87"]

1. e4 e5 2. Nf3 Nc6 3. Bb5 Nf6 4. O-O Nxe4 5. Re1 Nd6 6. Nxe5
Be7 7. Bf1 Nf5 8. Nf3 O-O 9. d4 d5 10. g3 Re8 11. Nc3 Be6
12. Ne2 g5 13. h3 h6 14. Bg2 Ng7 15. Ne5 f6 16. Nxc6 bxc6
17. c4 Qd7 18. Kh2 Bb4 19. Bd2 Bxd2 20. Qxd2 dxc4 21. Nc3 Bd5
22. Ne4 Qf7 23. Qa5 f5 24. Nc3 Bxg2 25. Kxg2 f4 26. Qc5 fxg3
27. fxg3 Rxe1 28. Rxe1 Rf8 29. d5 Nh5 30. Rg1 cxd5 31. Qxd5
Qxd5+ 32. Nxd5 Rd8 33. Rd1 Kg7 34. Kf3 c6 35. Ne3 Rd3 36. Rxd3
cxd3 37. Nf1 Kf6 38. Ke3 Ke5 39. Kxd3 Nf6 40. Ne3 h5 41. Nc4+
Kd5 42. Ne3+ Ke5 43. Nc4+ Kd5 44. Ne3+ 1/2-1/2

[Event "London Chess Classic"]
[Site "London ENG"]
[Date "2016.12.12"]
[EventDate "2016.12.09"]
[Round "4.2"]
[Result "1/2-1/2"]
[White "Vladimir Kramnik"]
[Black "Maxime Vachier-Lagrave"]
[WhiteElo "2809"]
[BlackElo "2804"]
[PlyCount "121"]

1. d4 Nf6 2. Nf3 g6 3. g3 Bg7 4. Bg2 d5 5. O-O O-O 6. Nbd2 Nc6
7. b3 e5 8. dxe5 Ng4 9. c4 d4 10. Ne4 Ngxe5 11. Nxe5 Nxe5
12. Bg5 f6 13. Bc1 f5 14. Nc5 c6 15. Bb2 Qd6 16. e3 Nxc4
17. Bxd4 Bxd4 18. Qxd4 Qxd4 19. exd4 Nd6 20. Rfd1 Nb5 21. d5
Nc3 22. dxc6 Nxd1 23. Bd5+ Kh8 24. cxb7 Bxb7 25. Bxb7 Rad8
26. Ne6 Rfe8 27. Nxd8 Rxd8 28. Kf1 Nc3 29. a3 Rb8 30. Rc1 Nb5
31. Rc8+ Rxc8 32. Bxc8 Nxa3 33. Ke2 Nb5 34. Kd3 Kg7 35. Bd7
Nd6 36. f3 Kf6 37. Kd4 Nf7 38. Bb5 Ne5 39. Be2 g5 40. Kd5 h5
41. b4 Ng6 42. b5 f4 43. g4 hxg4 44. fxg4 Ne5 45. h3 f3
46. Bf1 f2 47. Ke4 Ng6 48. Ke3 Ke5 49. Bg2 Nf8 50. Kxf2 Kf4
51. Ke2 Kg3 52. Bf1 Ne6 53. Ke3 Nf4 54. Ke4 Nxh3 55. Kf5 Nf2
56. Kxg5 Nxg4 57. Be2 Ne3 58. Kf6 Nd5+ 59. Ke5 Nc3 60. Bc4
Nxb5 61. Bxb5 1/2-1/2

[Event "London Chess Classic"]
[Site "London ENG"]
[Date "2016.12.13"]
[EventDate "2016.12.07"]
[Round "5"]
[Result "1/2-1/2"]
[White "Maxime Vachier-Lagrave"]
[Black "Fabiano Caruana"]
[WhiteElo "2804"]
[BlackElo "2823"]
[PlyCount "67"]

1. e4 e5 2. Nf3 Nf6 3. Nxe5 d6 4. Nf3 Nxe4 5. Nc3 Nxc3 6. dxc3
Be7 7. Be3 Nc6 8. Qd2 Be6 9. O-O-O Qd7 10. b3 O-O-O 11. Nd4 a6
12. Nxe6 fxe6 13. g3 d5 14. Bh3 Kb8 15. Rhe1 Rhe8 16. f4 Bf6
17. Kb1 Qd6 18. Qd3 e5 19. Bc1 e4 20. Qd2 Qc5 21. Bb2 d4
22. Qe2 dxc3 23. Rxd8+ Rxd8 24. Bc1 Rd2 25. Bxd2 cxd2 26. Qxd2
Bc3 27. Qc1 Bxe1 28. Qxe1 e3 29. c3 Na7 30. Bf1 Nb5 31. Kb2
Qa3+ 32. Kb1 Qc5 33. Kb2 Qa3+ 34. Kb1 1/2-1/2

[Event "London Chess Classic"]
[Site "London ENG"]
[Date "2016.12.15"]
[EventDate "2016.12.09"]
[Round "6.5"]
[Result "1-0"]
[White "Maxime Vachier-Lagrave"]
[Black "Levon Aronian"]
[WhiteElo "2804"]
[BlackElo "2785"]
[PlyCount "81"]

1. e4 e5 2. Nf3 Nc6 3. Bc4 Bc5 4. O-O Nf6 5. d3 O-O 6. a4 a5
7. c3 d5 8. exd5 Nxd5 9. Re1 Bg4 10. Nbd2 Nb6 11. Bb5 Bd6
12. h3 Bh5 13. Ne4 f5 14. Ng3 Bxf3 15. Qxf3 Ne7 16. Bg5 c6
17. Bc4+ Nxc4 18. dxc4 e4 19. Nxe4 fxe4 20. Qxe4 Rf7 21. Rad1
Qc7 22. Rxd6 Qxd6 23. Bxe7 Qd2 24. Bc5 h6 25. Qe2 Rd8 26. Bd4
Qg5 27. Qg4 Re7 28. Rxe7 Qxe7 29. Qf5 Re8 30. Qxa5 Qf7 31. Kh2
Qf4+ 32. g3 Qf7 33. Kg2 Re1 34. g4 Rd1 35. Qe5 Qg6 36. b4 b6
37. Bxb6 c5 38. Bxc5 Qc6+ 39. f3 Rd3 40. Qb8+ Kh7 41. Qf4 1-0

[Event "London Chess Classic"]
[Site "London ENG"]
[Date "2016.12.17"]
[EventDate "2016.12.07"]
[Round "8"]
[Result "1/2-1/2"]
[White "Maxime Vachier-Lagrave"]
[Black "Michael Adams"]
[WhiteElo "2804"]
[BlackElo "2748"]
[PlyCount "106"]

1. e4 e5 2. Nf3 Nc6 3. Bb5 Nf6 4. d3 Bc5 5. c3 O-O 6. O-O Re8
7. Bg5 h6 8. Bh4 a6 9. Bc4 d6 10. a4 Ba7 11. Na3 Be6 12. b4
Nb8 13. Bxe6 Rxe6 14. Nc4 Nbd7 15. Ne3 c6 16. Nd2 a5 17. bxa5
Qxa5 18. Ndc4 Qa6 19. Nf5 d5 20. Nce3 Kh7 21. exd5 Nxd5
22. Qh5 Rf8 23. Nxd5 cxd5 24. Be7 Nf6 25. Qh3 Re8 26. Bb4 h5
27. d4 exd4 28. Nxd4 Bxd4 29. cxd4 Qc4 30. Rab1 b6 31. a5 bxa5
32. Bxa5 Qxd4 33. Bc3 Qg4 34. Qxg4 hxg4 35. Bxf6 Rxf6 36. Rb4
Re4 37. Rxe4 dxe4 38. Re1 Re6 39. g3 f5 40. Kg2 g5 41. h3
gxh3+ 42. Kxh3 Kg6 43. Kg2 Re5 44. Ra1 f4 45. Ra6+ Kf5
46. gxf4 gxf4 47. Ra8 Rb5 48. Rh8 Rb2 49. Rf8+ Ke5 50. Re8+
Kd4 51. Rf8 Ke5 52. Re8+ Kd5 53. Rd8+ Ke5 1/2-1/2